| 000 | 01066nas a22003135a 4500 | ||
|---|---|---|---|
| 003 | EG-ScBUE | ||
| 005 | 20220524101939.0 | ||
| 008 | 101014r20102006enka f 000 0 eng d | ||
| 020 | _a0194715590 | ||
| 020 | _a9780194715591 | ||
| 040 |
_aEG-ScBUE _beng _erda _cEG-ScBUE _dEG-ScBUE |
||
| 082 | 0 | 4 |
_a428.24 _bSOA _222 |
| 100 | 1 |
_aSoars, Liz, _eauthor. _913897 |
|
| 245 | 1 | 0 |
_aNew headway plus: _pElementary, _pWorkbook without key / _cLiz and John Soars. |
| 250 | _aReprinted edition. | ||
| 264 | 1 |
_aOxford : _bOxford University Press, _c2010. |
|
| 300 |
_a159 pages : _billustrations ; _c28 cm |
||
| 336 |
_2rdacontent _atext _btxt |
||
| 337 |
_2rdamedia _aunmediated _bn |
||
| 338 |
_2rdacarrier _avolume _bnc |
||
| 590 | _aMohamed Hussein | ||
| 650 | 7 |
_aEnglish language _vTextbooks for foreign speakers. _2BUEsh _920412 |
|
| 650 | 7 |
_aEnglish language _xGrammar _xProblems, exercises. _2BUEsh _920413 |
|
| 651 | _2BUEsh | ||
| 653 |
_cAugust2015 _bHHUUEENN |
||
| 655 |
_vReading book _934232 |
||
| 700 | 1 |
_aSoars, Joan, _eauthor. _920414 |
|
| 942 |
_cBB _k428.24 SOA _2ddc |
||
| 999 |
_c8126 _d8126 |
||